000 00915nam a2200265 a 4500
001 000003481
003 DO-SdBNP
005 20260304100259.0
008 090709s2008 dr 001 0 spa d
020 _a9789945867701
040 _aDO-SdBNP
_bspa
_cBNPHU
082 _a158.1
_bV297c
100 1 _aVargas Corporán, César
_910824
245 1 0 _aCómo librarnos de las preocupaciones /
_cCésar Vargas Corporán ; prólogo Cirilo Medina.
260 _aSanto Domingo :
_bMinisterio de Enseñanza Cristiana,
_c2008.
300 _a136 p. ;
_c22 cm.
500 _aIncluye índice.
504 _aIncluye bibliográfías (p. 136).
590 _aLa biblioteca posee 3 ejemplares autográfiados por el autor.
650 7 _aSuperación personal
_2Sears
_910825
650 7 _aCrecimiento personal
_2Sears
_910826
650 7 _aÉxito
_910827
_2LIBRUNAM
700 1 _aMedina, Cirilo,
_epról.
_910828
942 _2ddc
_cLBS1
999 _c3310
_d3310